Library Banner

Advanced accounting (Record no. 10288)

MARC details
000 -LEADER
fixed length control field 00609nam a2200193Ia 4500
001 - CONTROL NUMBER
control field 9091
008 - FIXED-LENGTH DATA ELEMENTS--GENERAL INFORMATION
fixed length control field 140326s9999 xx 000 0 und d
020 ## - INTERNATIONAL STANDARD BOOK NUMBER
International Standard Book Number 0-538-80315-0
040 ## - CATALOGING SOURCE
Transcribing agency PK-LaUMT
082 ## - DEWEY DECIMAL CLASSIFICATION NUMBER
Classification number 657.046
Item number FIS-A
100 ## - MAIN ENTRY--PERSONAL NAME
Personal name Fischer, Paul M.
245 ## - TITLE STATEMENT
Title Advanced accounting
Remainder of title student companion enrichment manual
Statement of responsibility, etc Fischer, Paul M.<>Taylor, William James, J.T.; (Leer, J. Arthur), J.
260 ## - PUBLICATION, DISTRIBUTION, ETC. (IMPRINT)
Place of publication, distribution, etc Cincinnati:
Name of publisher, distributor, etc South-Western Publishing Co.,
Date of publication, distribution, etc 1990
300 ## - PHYSICAL DESCRIPTION
Extent 1196 p.
546 ## - LANGUAGE NOTE
Language note EN
650 ## - SUBJECT ADDED ENTRY--TOPICAL TERM
Topical term or geographic name as entry element Accounting
700 ## - ADDED ENTRY--PERSONAL NAME
Personal name Taylor, William James, J.T.; (Leer, J. Arthur), J.
942 ## - ADDED ENTRY ELEMENTS (KOHA)
Koha item type Books
Holdings
Withdrawn status Lost status Source of classification or shelving scheme Damaged status Not for loan Home library Current library Date acquired Total Checkouts Full call number Barcode Date last seen Price effective from Koha item type
    Dewey Decimal Classification     UMT Main Campus UMT Main Campus 2014-03-26   657.046 FIS-A 11681 2014-03-26 2014-03-26 Books
    Dewey Decimal Classification     UMT Main Campus UMT Main Campus 2014-06-04   657.046 FIS-A 11914 2014-06-04 2014-06-04 Books
    Dewey Decimal Classification     UMT Main Campus UMT Main Campus 2014-06-04   657.046 FIS-A 14619 2014-06-04 2014-06-04 Books
    Dewey Decimal Classification     UMT Main Campus UMT Main Campus 2014-06-04   657.046 FIS-A 14864 2014-06-04 2014-06-04 Books
    Dewey Decimal Classification     UMT Main Campus UMT Main Campus 2014-06-04   657.046 FIS-A 14865 2014-06-04 2014-06-04 Books